Responses for Show #4184 - Thursday, November 7, 2002

Contestants

[<< previous game]

Kirsten Hoffstedt Keefe, a law student from Washington, D.C.

Andy Morris, an attorney from Truckee, California

Brad Bean, a web assistant from Columbus, Ohio (whose 1-day cash winnings total $10,800)

[next game >>]

Jeopardy! Round responses

WATER WORLD
HITCHCOCK MOVIES IN OTHER WORDS
THE NAMES HAVE BEEN CHANGED
WORLD COINS
FITNESS & HEALTH
E BEFORE I
    $200 2
wind

Brad
    $200 16
Psycho

Brad
    $200 21
Goofy

Brad
    $200 1
Harry Potter

Andy
    $200 26
(Brad: What is a NordicTrack?)

treadmill

Brad
Triple Stumper
    $200 11
lei

Brad
    $400 7
breaker

Triple Stumper
    $400 17
The Birds

Andy
    $400 22
Ottawa, Canada

Triple Stumper
    $400 3
China

Andy
    $400 27
triathlon

Andy
    $400 12
reins

Kirsten
    $600 8
plankton

Brad
    $600 18
Dial M for Murder

Kirsten
    $600 23
All in the Family

Andy
    $600 4
Monaco

Andy
    $600 28
bran

Brad
    $600 13
heifer

Brad
    $800 9
salinity

Triple Stumper
    $800 19
Lifeboat

Triple Stumper
    $800 24
The Supremes

Andy
    $800 5
monarch butterfly

Kirsten
    $800 29
body fat percentage

Andy
    $1,200 14
seismology

Brad
    $1000 10
magnesium

Andy
    $1000 20
The Lady Vanishes

Andy
    $1000 25
Walkman

Brad
    $1000 6
Angkor Wat

Andy
    $1000 30
pronation

Andy
    $1000 15
Pleistocene

Brad

Scores at the first commercial break (after clue 15):

Brad Andy Kirsten
$3,800 $3,200 $1,200

Scores at the end of the Jeopardy! Round:

Brad Andy Kirsten
$5,600 $8,200 $1,800

Double Jeopardy! Round responses

EARLY MAN
THEY NAMED A SCHOOL FOR ME
MUSIC FROM THE "HEART"
QUASI-RELATED PAIRS
THERE SHE IS
MYTH AMERICA
    $400 17
brain

Andy
    $400 22
California

Andy
    $400 1
"My Heart Will Go On"

Brad
    $400 12
stars & bars

Andy
    $400 2
Annie Oakley

Kirsten
    $400 7
John Henry

Brad
    $800 18
walking erect

Kirsten
    $800 23
George Washington (Washington & Lee)

Andy
    $800 27
"Young At Heart"

Kirsten
    $800 13
guys & dolls

Andy
    $800 3
Queen Liliuokalani

Andy
    $800 8
Kilroy

Andy
    $1200 19
Cro-Magnon

Andy
    $1200 24
(Andy: Who is Hudson?)

DeWitt Clinton

Andy
Triple Stumper
    $1200 28
"Hungry Heart" (by Bruce Springsteen)

Triple Stumper
    $1200 14
Woody & Buzz

Kirsten
    $1200 4
Bella Abzug

Triple Stumper
    $1200 9
Quetzalcoatl

Brad
    $5,000 20
(Andy: What is Tehran?)
....
(Alex: In order to avoid any confusion, it was called Peking back then, hence Peking Man.)

Beijing (Peking)

Andy
    $3,000 25
(Andy: What is Brand?)

DeVry

Andy
    $1600 29
"The Heart of Rock & Roll"

Brad
    $1600 15
Jan & Dean

Andy
    $1600 5
Anne Boleyn

Brad
    $1600 10
Pecos Bill

Brad
    $2000 21
Homo sapiens

Andy
    $2000 26
Spelman College

Andy
    $2000 30
"Put A Little Love in Your Heart"

Triple Stumper
    $2000 16
Amos & Andy

Andy
    $2000 6
(Kirsten: Who is Kate Chopin?)

Edith Wharton

Kirsten
Triple Stumper
    $2000 11
(Brad: What is the phoenix?)

thunderbirds

BradAndy

Scores at the end of the Double Jeopardy! Round:

Brad Andy Kirsten
$10,400 $14,200 $3,000

[wagering suggestions for these scores]

Final Jeopardy! Round responses

HISTORIC BOOKS
KirstenWhat is the King James Bible?
$2,500
BradWhat is the King James Bible
$4,000
AndyWhat is the Gutenberg Bible?
$6,700
King James Bible

Final scores:

Brad Andy Kirsten
$14,400 $7,500 $5,500
2-day champion: $25,200 2nd place: $2,000 3rd place: $1,000

Game dynamics:

Coryat scores:

Brad Andy Kirsten
$10,000 $22,200 $3,000
16 R
(including 1 DD),
2 W
25 R,
3 W
(including 2 DDs)
7 R,
1 W

Combined Coryat: $35,200

[game clues] [game scores] [suggest correction]

Game tape date: 2002-07-31
The J! Archive is created by fans, for fans. Scraping, republication, monetization, and malicious use prohibited; this site may use cookies and collect identifying information. See terms. The Jeopardy! game show and all elements thereof, including but not limited to copyright and trademark thereto, are the property of Jeopardy Productions, Inc. and are protected under law. This website is not affiliated with, sponsored by, or operated by Jeopardy Productions, Inc. Join the discussion at JBoard.tv.